[Event "Novi Sad TS IM 81st"]
[Site "Novi Sad"]
[Date "2018.07.01"]
[Round "2"]
[White "Moshkov, Valery"]
[Black "Dimitrijevic, Nenad"]
[Result "1/2-1/2"]
[WhiteElo "2267"]
[BlackElo "2254"]
[PlyCount "52"]
[EventDate "2018.06.30"]
[EventType "tourn"]
[EventRounds "11"]
[EventCountry "SRB"]
[SourceTitle "CBM 185 Extra"]
[Source "ChessBase"]
[SourceDate "2018.07.29"]
[SourceVersion "1"]
[SourceVersionDate "2018.07.29"]
[SourceQuality "1"]

1. e4 c5 2. Nf3 e6 3. d4 cxd4 4. Nxd4 a6 5. Nc3 Qc7 6. g3 Nc6 7. Bg2 Nf6 8. 0-0 Nxd4 9. Qxd4 Bc5 10. Qd3 d6 11. h3 0-0 12. Be3 Bxe3 13. Qxe3 Rb8 14. Rfd1 b5 15. a3 Bb7 16. Rd2 Rbc8 17. Rad1 Rfd8 18. e5 Ne8 19. Bxb7 Qxb7 20. exd6 Nf6 21. Kh2 b4 22. axb4 Qxb4 23. d7 Rc7 24. Rd3 h6 25. b3 Rcxd7 26. Rxd7 Rxd7 1/2-1/2

[Event "Novi Sad TS 61st"]
[Site "Novi Sad"]
[Date "2017.11.24"]
[Round "7"]
[White "Dedebas, Emre Emin"]
[Black "Moshkov, Valery"]
[Result "1/2-1/2"]
[WhiteElo "2232"]
[BlackElo "2217"]
[PlyCount "80"]
[EventDate "2017.11.20"]
[EventType "tourn"]
[EventRounds "9"]
[EventCountry "SRB"]
[EventCategory "1"]
[SourceTitle "CBM 181 Extra"]
[Source "ChessBase"]
[SourceDate "2017.12.12"]
[SourceVersion "1"]
[SourceVersionDate "2017.12.12"]
[SourceQuality "1"]

1. Nf3 d5 2. g3 Bf5 3. Bg2 c6 4. c4 e6 5. cxd5 exd5 6. d3 Nf6 7. 0-0 Be7 8. Qc2 h6 9. Nc3 0-0 10. e4 Bh7 11. Re1 Na6 12. Qe2 Re8 13. Bf4 Bb4 14. Rad1 Qa5 15. e5 Bxc3 16. bxc3 Qxc3 17. Rc1 Qa3 18. Qd2 Nd7 19. Rc3 Qe7 20. d4 Nb6 21. Bf1 Nc7 22. Be3 Ne6 23. Nh4 g5 24. Ng2 f5 25. h4 Na4 26. Rb3 b5 27. Rc1 Rac8 28. hxg5 hxg5 29. f4 g4 30. Nh4 Nb6 31. Rbc3 Nc4 32. Bxc4 bxc4 33. Rb1 Rcd8 34. Qc2 Rf8 35. Qa4 c5 36. Rd1 cxd4 37. Bxd4 Nxd4 38. Rxd4 Qc5 39. Qd1 Rb8 40. Ng2 Rb2 1/2-1/2

[Event "Novi Sad TS 61st"]
[Site "Novi Sad"]
[Date "2017.11.21"]
[Round "2"]
[White "Dimitrijevic, Nenad"]
[Black "Moshkov, Valery"]
[Result "1/2-1/2"]
[WhiteElo "2188"]
[BlackElo "2217"]
[PlyCount "23"]
[EventDate "2017.11.20"]
[EventType "tourn"]
[EventRounds "9"]
[EventCountry "SRB"]
[EventCategory "1"]
[SourceTitle "CBM 181 Extra"]
[Source "ChessBase"]
[SourceDate "2017.12.12"]
[SourceVersion "1"]
[SourceVersionDate "2017.12.12"]
[SourceQuality "1"]

1. e4 c5 2. Nc3 Nc6 3. g3 g6 4. Bg2 Bg7 5. Nge2 e6 6. 0-0 Nge7 7. d3 0-0 8. Be3 Nd4 9. Qd2 d6 10. h4 Nec6 11. f4 Rb8 12. Rae1 1/2-1/2

[Event "Novi Sad TS 61st"]
[Site "Novi Sad"]
[Date "2017.11.20"]
[Round "1"]
[White "Moshkov, Valery"]
[Black "Ljubisavljevic, Zivojin Z"]
[Result "1-0"]
[WhiteElo "2217"]
[BlackElo "2129"]
[PlyCount "73"]
[EventDate "2017.11.20"]
[EventType "tourn"]
[EventRounds "9"]
[EventCountry "SRB"]
[EventCategory "1"]
[SourceTitle "CBM 181 Extra"]
[Source "ChessBase"]
[SourceDate "2017.12.12"]
[SourceVersion "1"]
[SourceVersionDate "2017.12.12"]
[SourceQuality "1"]

1. Nf3 g6 2. d4 Bg7 3. e4 d6 4. c4 Nf6 5. Nc3 Bg4 6. Be2 0-0 7. 0-0 Bxf3 8. Bxf3 e5 9. d5 Nbd7 10. Be3 Ne8 11. Be2 f5 12. exf5 gxf5 13. f4 exf4 14. Bxf4 Ne5 15. Qd2 Qd7 16. Nb5 c5 17. dxc6 bxc6 18. Nc3 Qe6 19. Qe3 Rb8 20. b3 Rb7 21. Rae1 h6 22. Kh1 Qf6 23. c5 d5 24. Bh5 Ng6 25. Bxg6 Qxg6 26. Ne2 Nf6 27. Qe6+ Kh7 28. Qxc6 Rb4 29. Be5 Re4 30. Nf4 Qe8 31. Qxe8 Rxe8 32. Rxe4 Nxe4 33. Bxg7 Kxg7 34. b4 Nf6 35. g3 Re4 36. a3 a6 37. Rc1 1-0

[Event "Novi Sad TS 54th"]
[Site "Novi Sad"]
[Date "2017.11.17"]
[Round "8"]
[White "Zakaryan, David"]
[Black "Moshkov, Valery"]
[Result "1-0"]
[WhiteElo "2359"]
[BlackElo "2217"]
[PlyCount "57"]
[EventDate "2017.11.12"]
[EventType "tourn"]
[EventRounds "9"]
[EventCountry "SRB"]
[EventCategory "1"]
[SourceTitle "CBM 181 Extra"]
[Source "ChessBase"]
[SourceDate "2017.12.12"]
[SourceVersion "1"]
[SourceVersionDate "2017.12.12"]
[SourceQuality "1"]

1. e4 e5 2. Nf3 Nf6 3. Nxe5 d6 4. Nf3 Nxe4 5. Nc3 Nxc3 6. dxc3 Be7 7. Be3 Nc6 8. Qd2 Be6 9. 0-0-0 Bxa2 10. b3 a5 11. Kb2 a4 12. Ra1 axb3 13. cxb3 Bxb3 14. Rxa8 Qxa8 15. Kxb3 Qa1 16. Qb2 Na5+ 17. Kc2 Qa4+ 18. Kd2 Nb3+ 19. Ke1 0-0 20. Bd3 Nc5 21. Ke2 Nxd3 22. Kxd3 Qg4 23. Qxb7 d5 24. Qxc7 Rc8 25. Qf4 Qg6+ 26. Kd2 Qa6 27. Rc1 Qa2+ 28. Rc2 Qb1 29. Bd4 1-0

[Event "Novi Sad TS 54th"]
[Site "Novi Sad"]
[Date "2017.11.15"]
[Round "5"]
[White "Moshkov, Valery"]
[Black "Popchev, Milko"]
[Result "1-0"]
[WhiteElo "2217"]
[BlackElo "2316"]
[PlyCount "117"]
[EventDate "2017.11.12"]
[EventType "tourn"]
[EventRounds "9"]
[EventCountry "SRB"]
[EventCategory "1"]
[SourceTitle "CBM 181 Extra"]
[Source "ChessBase"]
[SourceDate "2017.12.12"]
[SourceVersion "1"]
[SourceVersionDate "2017.12.12"]
[SourceQuality "1"]

1. d4 d5 2. c4 e6 3. Nc3 c6 4. Nf3 Nd7 5. cxd5 exd5 6. Bf4 Ngf6 7. Qc2 Be7 8. e3 0-0 9. Bd3 Re8 10. 0-0 Nf8 11. Rab1 Ng6 12. Bg3 Nh5 13. b4 Nxg3 14. hxg3 a6 15. Na4 Bf8 16. Nc5 Qd6 17. Rfc1 Re7 18. a3 Rc7 19. Na4 Bd7 20. Nb6 Rd8 21. a4 Be8 22. Bf5 Qf6 23. Bxg6 Qxg6 24. Qxg6 hxg6 25. Ne5 f6 26. Nd3 g5 27. Nc5 Bf7 28. g4 Bd6 29. g3 Bg6 30. Rb2 Bf7 31. Kg2 g6 32. b5 axb5 33. axb5 Bxc5 34. Rxc5 Be8 35. Na4 Ra8 36. b6 Re7 37. Rb4 Bd7 38. Rc3 Bxg4 39. f3 Bc8 40. g4 Kf7 41. Kf2 Ke6 42. Ra3 Kd6 43. Rbb3 Ra5 44. Nc5 Rxc5 45. dxc5+ Kxc5 46. Ra8 Be6 47. Rb1 Kd6 48. Rd8+ Ke5 49. Ra1 c5 50. Ra7 c4 51. Rb8 Rh7 52. Kg2 d4 53. exd4+ Kxd4 54. Raxb7 Rxb7 55. Rxb7 c3 56. Rc7 Bd5 57. Kf2 Kd3 58. Rd7 Kd4 59. Ke2 1-0

[Event "Moscow op-E"]
[Site "Moscow"]
[Date "2011.02.03"]
[Round "6.222"]
[White "Kuzanov, Artem"]
[Black "Moshkov, Valery"]
[Result "0-1"]
[WhiteElo "1974"]
[BlackElo "2114"]
[PlyCount "78"]
[EventDate "2011.01.29"]
[EventType "swiss"]
[EventRounds "9"]
[EventCountry "RUS"]
[SourceTitle "EXT 2022"]
[Source "ChessBase"]
[SourceDate "2021.10.06"]
[SourceVersion "1"]
[SourceVersionDate "2021.10.06"]
[SourceQuality "1"]

1. e4 Nf6 2. e5 Nd5 3. d4 d6 4. Nf3 Bg4 5. Be2 e6 6. 0-0 Be7 7. c4 Nb6 8. b3 0-0 9. Bb2 Nc6 10. Na3 dxe5 11. dxe5 Bc5 12. Nc2 Qe7 13. Ncd4 Nxd4 14. Bxd4 Rfd8 15. Bxc5 Qxc5 16. Qc2 Bf5 17. Qb2 a5 18. Rad1 Kf8 19. Rd2 h6 20. Rfd1 Ke7 21. Nd4 Rd7 22. a3 Kf8 23. Nxf5 Rxd2 24. Rxd2 exf5 25. b4 axb4 26. axb4 Qe7 27. c5 Nd7 28. f4 Kg8 29. Qc2 g6 30. Qd1 Nf8 31. Bf3 c6 32. Rd6 Qc7 33. g3 Qb8 34. b5 Qa7 35. b6 Qa3 36. Qd4 Qxf3 37. Rd8 Ra2 38. Rxf8+ Kxf8 39. Qd6+ Kg8 0-1